Bilecik Bilecik Bilecik Bilecik Bilecik

Bodrum yarımadasına yönelik ulaştırma politikalarının pareto optimalitesi ve sürdürülebilirlik açısından incelenmesi/ (Record no. 22499)

MARC details
000 -BAŞLIK
Sabit Uzunluktaki Kontrol Alanı 02805nam a22004097a 4500
001 - KONTROL NUMARASI
Control Dosyası 0022543
003 - KONTROL NUMARASI KİMLİĞİ
Kontrol Alanı KOHA_MİRAKIL
005 - EN SON İŞLEM TARİHİ ve ZAMANI
Kontrol Alanı 20260207002347.0
007 - FİZİKSEL TANIM SABİT ALAN - GENEL BİLGİ
Sabit uzunluklu kontrol alanı ta
008 - SABİT UZUNLUKTAKİ VERİ ÖGELERİ - GENEL BİLGİ
Sabit Alan 101001b2008 tu |||gr||||#||||0|tur |
020 ## - ISBN - ULUSLARARASI STANDART KİTAP NUMARASI
Isbn 9789757207948
040 ## - KATALOGLAMA KAYNAĞI
Özgün Kataloglama Kurumu TR-BiSEU
Kataloglama Dili tur
Çeviri Kurumu TR-BiSEU
Açıklama Kuralları rda
041 0# - DİL KODU
Metin ya da ses kaydının dil kodu tur
044 ## - YAYINLAYAN/ÜRETEN KURULUŞUN ÜLKE KODU
ISO country code tu
050 ## - SINIFLAMA ve YER NUMARASI
Sınıflama Numarası HE311.T9
Yer Numarası B63 2008
245 0# - ESER ADI BİLDİRİMİ
Başlık Bodrum yarımadasına yönelik ulaştırma politikalarının pareto optimalitesi ve sürdürülebilirlik açısından incelenmesi/
Sorumluluk Bildirimi Hazırlayanklar Sibel Cengiz, Bora Süslü, Cem Mehmet Baydur, Bayram Coşkun.
264 #1 - ÜRERİM, YAYIN, DAĞITIM ve TELİF BİLDİRİMİ
Yayın yeri Muğla :
Yayınlayan Muğla Üniversitesi
Yayın tarihi 2008
300 ## - FİZİKSEL TANIMLAMA
Sayfa, Cilt vb. 160 sayfa: tablo, resimli; 24 cm.
336 ## - İÇERİK TÜRÜ
Content type term metin
Content type code txt
Source rdacontent
337 ## - MEDYA TÜRÜ
Media type term aracısız
Media type code n
Source rdamedia
338 ## - TAŞIYICI TÜRÜ
Carrier type term cilt
Carrier type code nc
Source rdacarrier
490 1# - DİZİ BİLDİRİMİ
Dizi Bildirimi Muğla Üniversitesi yayınları ;
Cilt Numarası 92.
490 1# - DİZİ BİLDİRİMİ
Dizi Bildirimi Rektörlük yayınları ;
Cilt Numarası 69.
500 ## - GENEL NOT
Genel Not Kaynakça var.
505 ## - İÇİNDEKİLER NOTU
İçindekiler Notu İÇİNDEKİLER
650 #0 - KONU BAŞLIĞI EK GİRİŞ - KONU TERİMİ
Konusal terim veya coğrafi ad Ulaştırma--Türkiye--Bodrum.
9 (RLIN) 47026
650 #0 - KONU BAŞLIĞI EK GİRİŞ - KONU TERİMİ
Konusal terim veya coğrafi ad Ulaştırma--Türkiye--Bodrum--Planlama.
9 (RLIN) 47027
650 #0 - KONU BAŞLIĞI EK GİRİŞ - KONU TERİMİ
Konusal terim veya coğrafi ad Ulaştırma mühendisliği.
9 (RLIN) 18555
650 #0 - KONU BAŞLIĞI EK GİRİŞ - KONU TERİMİ
Konusal terim veya coğrafi ad Ulaştırma--Türkiye-- Bodrum-- Ekonomik yönleri.
9 (RLIN) 47028
650 #0 - KONU BAŞLIĞI EK GİRİŞ - KONU TERİMİ
Konusal terim veya coğrafi ad Transportation--Turkey-- Bodrum.
9 (RLIN) 47029
650 #0 - KONU BAŞLIĞI EK GİRİŞ - KONU TERİMİ
Konusal terim veya coğrafi ad Transportation--Turkey--Bodrum--Planning.
9 (RLIN) 47030
650 #0 - KONU BAŞLIĞI EK GİRİŞ - KONU TERİMİ
Konusal terim veya coğrafi ad Transportation engineering.
9 (RLIN) 47031
650 #0 - KONU BAŞLIĞI EK GİRİŞ - KONU TERİMİ
Konusal terim veya coğrafi ad Transportation-- Turkey--Bodrum--Economic aspects.
9 (RLIN) 47032
830 1# - SERİ EK GİRİŞİ - TEKBİÇİM ESER ADI
Tekbiçim Başlık Muğla Üniversitesi yayınları ;
Volume number/sequential designation 92.
9 (RLIN) 12706
830 1# - SERİ EK GİRİŞİ - TEKBİÇİM ESER ADI
Tekbiçim Başlık Rektörlük yayınları ;
Volume number/sequential designation 69.
9 (RLIN) 12707
942 ## - EK GİRİŞ ÖGELERİ (KOHA)
Source of classification or shelving scheme Library of Congress Classification
Koha item type Book
505 ## - İÇİNDEKİLER NOTU
-- ÖNSÖZ I
-- İÇİNDEKİLER III
-- TABLOLAR LİSTESİ V
-- GİRİŞ 1
-- BİRİNCİ BÖLÜM TEMEL KAVRAMLAR VE TEORİK İNCELEME
-- I. ÇALIŞMA İLE İLGİLİ TEMEL KAVRAMLAR 5
-- A. DIŞSALIKLAR 5
-- B. KAMUSAL MALLAR 8
-- C. BEDAVACILIK İl
-- D. PARETO OPTİMALİTESİ 11
-- II. TÜRKİYE'DEKİ ULAŞTIRMA POLİTİKALARININ
-- GENEL DEĞERLENDİRMESİ 15
-- III. SÜRDÜRÜLEBİLİR ULAŞTIRMA POLİTİKASI 22
-- A. EKONOMİK GÖSTERGELER 26
-- B. SOSYAL GÖSTERGELER 30
-- C. ÇEVRESEL GÖSTERGELER 32
-- D YEREL ULAŞTIRMA POLİTİKASINDAKİ OLASI SORUNLAR 33
-- A. BEDEVACILIĞIN MODEL YARDIMIYLA İNCELENMESİ 48
-- B. BEDAVACILIĞA ENGEL OLMADA
-- POLİTİKALAR 56
-- 1. Kamusal Alan ve İşbirliği 59
-- 2. Güdüleyici Mekanizmalar 63
-- İçsel Güdeleyiciler 64
-- Dışsal Güdeleyiciler 66
-- C. ULAŞTIRMA POLİTİKALARI AÇISINDAN TEMEL
-- ÖNERİLER 69
-- İKİNCİ BÖLÜM ALAN ARAŞTIRMASININ SONUÇLARI
-- I. BODRUM YARIMADASININ TANITIMI 72
-- II. ALAN ARAŞTIRMASININ YÖNTEMİ 81
-- III. HALKA UYGULANAN ANKET SONUÇLARININ DEĞERLENDİRİLMESİ 83
-- IV. BELEDİYE BAŞKAN VE MECLİS ÜYELERİNE YAPILAN ANKETLERİN DEĞERLENDİRİLMESİ 107
-- SONUÇ VE DEĞERLENDİRME 132
-- KAYNAKÇA 145
-- EKLER 153x
Holdings
Materyal Türü Kalıcı Konum Mevcut Konum Raf Yeri Sınıflandırma Kaynağı Edinim Bilgisi Ana Konular Alt Konular Yer Numarası Demirbaş Numarası Fatura Tarihi Geri Çekilme Durumu Kayıp Durumu Hasarlı Durumu Kredi için değil Kayıt Tarih Toplam Ödünçverme Son Görülme Tarihi Son Kontrol Tarihi Genel / Bağış Notu
Book Prof. Dr. Azmi Özcan Kütüphanesi Prof. Dr. Azmi Özcan Kütüphanesi Uluğbey Salonu Library of Congress Classification Bağış SOSYAL BİLİMLER Ulaşım ve İletişim HE311.T9 B63 2008 0022543 02/02/2026         01/10/2010 1 05/12/2024 05/12/2024 Genel Bağış